000 00409nam a2200169Ia 4500
100 _aTroppens/ Ulf/ Erkens/R
650 _aNetworks
942 _cBK
366 _f20
654 _astorage networks
245 _aStorate networks explained:Basic and application of fibre channel SAN
260 _bWiley .
_c2003
082 _a4.68
_bTRO
300 _a564
546 _aENGLISH
_celectronics
999 _c28257
_d28257